Advanced engineering mathematics (Record no. 2354)

000 -LEADER
fixed length control field 00457nam a22001937a 4500
001 - CONTROL NUMBER
control field 2354
003 - CONTROL NUMBER IDENTIFIER
control field BD-DhUET
008 - FIXED-LENGTH DATA ELEMENTS--GENERAL INFORMATION
fixed length control field 140922b xxu||||| |||| 00| 0 eng d
020 ## - INTERNATIONAL STANDARD BOOK NUMBER
International Standard Book Number 8121903459
040 ## - CATALOGING SOURCE
Transcribing agency 0
Modifying agency BD-DhUET
082 ## - DEWEY DECIMAL CLASSIFICATION NUMBER
Classification number 510
Item number DAS/2007
100 ## - MAIN ENTRY--PERSONAL NAME
Personal name Dass, H.K.
245 ## - TITLE STATEMENT
Title Advanced engineering mathematics
250 ## - EDITION STATEMENT
Edition statement 17th Rev. ed.
260 ## - PUBLICATION, DISTRIBUTION, ETC. (IMPRINT)
Place of publication, distribution, etc. Ram Nagar
Name of publisher, distributor, etc. S. Chand.
Date of publication, distribution, etc. 2007
300 ## - PHYSICAL DESCRIPTION
Extent xvi,1274p.
650 #0 - SUBJECT ADDED ENTRY--TOPICAL TERM
Topical term or geographic name as entry element Mathematics
942 ## - ADDED ENTRY ELEMENTS (KOHA)
Koha item type General Book
Holdings
Koha issues (times borrowed) Koha out on loan Koha item type Koha normalized classification for sorting Not for loan Withdrawn status Piece designation (barcode) Date acquired Shelving location Lost status Damaged status Koha date last borrowed Koha date last seen Location (home branch) Koha full call number Sublocation or collection (holding branch) Price effective from Source of classification or shelving scheme Copy number
3 General Book510DAS2007  1039242014-09-22Circulation section  2022-11-232023-05-06Central Library, BUET510/DAS/2007Central Library, BUET2014-09-22 1
62026-01-27General Book510DAS2007  1039252014-09-22Circulation section  2026-01-132026-01-13Central Library, BUET510/DAS/2007Central Library, BUET2014-09-22 2
4 General Book510DAS2007  1039272014-09-22Circulation section  2024-12-012025-02-10Central Library, BUET510/DAS/2007Central Library, BUET2014-09-22 3
3 General Book510DAS2007  1039282014-09-22Circulation section  2023-03-222023-06-05Central Library, BUET510/DAS/2007Central Library, BUET2014-09-22 4
1 General Book510DAS2007  1039292014-09-22Circulation section  2014-11-122016-02-24Central Library, BUET510/DAS/2007Central Library, BUET2014-09-22 5
2 General Book510DAS2007  1039312014-09-22Circulation section  2023-01-112023-02-28Central Library, BUET510/DAS/2007Central Library, BUET2014-09-22 7
32026-04-29General Book510DAS2007  1039302014-09-22Circulation section  2026-04-152026-04-15Central Library, BUET510/DAS/2007Central Library, BUET2014-09-22 6
2 General Book510_000000000000000_DAS_2007  1039222015-01-26Circulation section  2019-01-202019-03-31Central Library, BUET510/DAS/2007Central Library, BUET2015-01-26 8
2 General Book510DAS_2007_000000000000000  1039232015-09-01Circulation section  2025-03-022025-04-07Central Library, BUET510DAS/2007Central Library, BUET2015-09-01 9
112024-12-08General Book510_000000000000000_DAS_2007  1039262007-05-28Circulation section  2024-11-242024-11-24Central Library, BUET510/DAS/2007Central Library, BUET2017-05-29 10